000 01080nam a22003497a 4500
001 0033893
003 KOHA_MİRAKIL
005 20260207002905.0
007 ta
008 111125b1971 tu |||gr||||#||||0|tur |
040 _aTR-BiSEU
_btur
_cTR-BiSEU
_erda
041 0 _atur
044 _ctu
050 _aCB478
_b.N44 1971
100 1 _aNef, John U.
245 1 _aSanayileşmenin kültür temelleri/
_cJohn U Nef ; John U. Nef ; Çev. : Erol Güngör.
250 _a1. bs.
264 1 _aAnkara :
_bMilli Eğtim Bakanlığı
_c1971
300 _a200 s. ;
_c20 cm.
336 _ametin
_btxt
_2rdacontent
337 _aaracısız
_bn
_2rdamedia
338 _acilt
_bnc
_2rdacarrier
490 1 _a1000 Temel Eser Dizisi ;
_v24
650 0 _aTeknoloji ve uygarlık.
_965656
650 0 _aMedeniyet--Tarihi.
_965657
650 0 _aUygarlık--Modern.
_965658
650 0 _aTechnology and civilization.
_942898
650 0 _aCivilization--History.
_913170
650 0 _aCivilization--Modern.
_965659
830 1 _a1000 Temel Eser Dizisi ;
_v24
_928678
942 _2lcc
_cBK
999 _c33893
_d33893